000 00411 a2200133 4500
005 20250606081928.0
020 _a978-981-10-9457-6
082 _a658.8 SEG
245 _aSegment in Social Market: Process, Methos and Application.
260 _aSingapore,
_bSpringer,
_c2016.
300 _av,197p.; ill.; picture, figure.
_bReferences.
_c23cm.
700 _aDIETRICH, T. & THIELE, S. & KUBACKI, K.
942 _2ddc
_cBKS
999 _c3277
_d3277